| 000 | 00801nas a2200265 4500 | ||
|---|---|---|---|
| 001 | BR2010005509 | ||
| 003 | BR-BrBNA | ||
| 005 | 20231205114346.0 | ||
| 007 | ta | ||
| 008 | 230509b bl.|||p| |||| 00| 00por d | ||
| 040 |
_aBR-BrBNA _bpor _cBiblioteca Nacional de Agricultura |
||
| 041 | _a(Pt) | ||
| 072 | _aH20 | ||
| 100 | 1 | _aCunha, J.P.A.R. da | |
| 100 | 1 | _aSilva, L.L. da | |
| 100 | 1 | _aBoller, W. | |
| 100 | 1 | _aRodrigues, J.F. | |
| 245 | 1 | _aAplicação aérea e terrestre de fungicida para o controle de doenças do milho | |
| 650 | _aMILHO | ||
| 650 | _aFUNGICIDA | ||
| 650 | _aPULVERIZAÇÃO | ||
| 773 | 0 |
_tRevista Ciència Agronômica (Brazil) _xISSN 0045-6888 _g(Jul-Sep 2010), v.41(3) p. 366-372 _wBR2010005509 |
|
| 909 |
_a202311 _bLúcia _c55 _dLúcia Elande |
||
| 942 |
_2AGRIS _n0 _cANA |
||
| 999 |
_c208399 _d208399 |
||